The influence of yoga philosophy on Hindi poetry. (Record no. 79706)

MARC details
000 -LEADER
fixed length control field 00679nam a22002411 4500
001 - CONTROL NUMBER
control field sa 68003730
003 - CONTROL NUMBER IDENTIFIER
control field DLC
005 - DATE AND TIME OF LATEST TRANSACTION
control field 20260227112455.0
008 - FIXED-LENGTH DATA ELEMENTS--GENERAL INFORMATION
fixed length control field 710903s1967 ii b 00000 eng
010 ## - LIBRARY OF CONGRESS CONTROL NUMBER
LC control number sa 68003730
025 ## - OVERSEAS ACQUISITION NUMBER
Overseas acquisition number PL480:I-E-8650
050 0# - LIBRARY OF CONGRESS CALL NUMBER
Classification number PK2040
Item number .K29
082 ## - DEWEY DECIMAL CLASSIFICATION NUMBER
Classification number 891.3
100 10 - MAIN ENTRY--PERSONAL NAME
Personal name Kalla, Kanhaiya Lal.
245 14 - TITLE STATEMENT
Title The influence of yoga philosophy on Hindi poetry.
260 0# - PUBLICATION, DISTRIBUTION, ETC.
Place of publication, distribution, etc. Dehradun,
Name of publisher, distributor, etc. Sahitya Sadan
Date of publication, distribution, etc. [1967]
300 ## - PHYSICAL DESCRIPTION
Extent 192 p.
Dimensions 23 cm.
350 ## - PRICE (NR) (BK AM CF MU VM SE) [OBSOLETE]
Price Rs15
500 ## - GENERAL NOTE
General note "Thesis accepted for PH.D. of Jodhpur University."
504 ## - BIBLIOGRAPHY, ETC. NOTE
Bibliography, etc. note Bibliography: p. [189]-192.
650 #0 - SUBJECT ADDED ENTRY--TOPICAL TERM
Topical term or geographic name entry element Hindi poetry
General subdivision History and criticism.
650 #0 - SUBJECT ADDED ENTRY--TOPICAL TERM
Topical term or geographic name entry element Yoga.

No items available.

Powered by Koha